000 00678nam a2200229Ia 4500
003 BUBTL
008 151213s9999 xx 000 0 und d
020 _a0395808774
082 _a332.024/ G185p/ 1997
100 _aGerman, E.Thomas
_93464
245 _aPersonal Finance :
_cE.Thomas German & Raymond E. Forgue
250 _a5th
260 _aBoston
_bHoughto Mifflin
_cc1997
300 _a[xxiv], 672p . :
_bill. Chart,Table ; 26cm .
500 _aIncludes Index .
650 _aFinance
_93465
650 _aFinance
_93465
700 _aE.Thomas German & Raymond E. Forgue
_93464
856 _k0
_l0
_yDownload
942 _2ddc
_cBK
999 _c1173
_d1173